| 000 | 01067nas a2200325 4500 | ||
|---|---|---|---|
| 001 | BR9207039 | ||
| 003 | BR-BrBNA | ||
| 005 | 20231205100448.0 | ||
| 007 | ta | ||
| 008 | 230509b bl.|||p| |||| 00| 00por d | ||
| 040 |
_aBR-BrBNA _bpor _cBiblioteca Nacional de Agricultura |
||
| 041 | _a(Pt) | ||
| 072 | _aH10 | ||
| 100 | 1 | _aNamamura, R. | |
| 100 | 1 | _aRangel, R.C. | |
| 100 | 1 | _aArashiro, F.Y. | |
| 100 | 1 | _aClari, A.I. | |
| 100 | 1 | _aRangel, M.C. | |
| 100 | 1 | _aRegitano, E.B. | |
| 100 | 1 | _aMariconi, F.A.M. | |
| 100 | 1 | _aScarpari Filho, J.A. | |
| 245 | 1 | _aPulverizacao experimental de defensivos quimicos no combate ao acaro da falsa ferrugem Phyllocoptruta oleivora (ASHM., 1879)(Acari: Eriophyidae)em citros | |
| 650 | _aFruta Citrica | ||
| 650 | _aAcaro da Falsa Ferrugem | ||
| 650 | _aControle Quimico | ||
| 650 | _aPulverizacao | ||
| 773 | 0 |
_tAnais da Escola Superior de Agricultura Luiz de Queiroz (Brazil) _xISSN 0071-1276 _g(1989), v. 46(pt. 1) p. 485-494 _wBR9207039 |
|
| 909 |
_a202311 _bLúcia _c55 _dLúcia Elande |
||
| 942 |
_2AGRIS _n0 _cANA |
||
| 999 |
_c156164 _d156164 |
||